|
|
|
|
| LEADER |
00000cam a2200000 c 4500 |
| 001 |
1613975716 |
| 003 |
DE-627 |
| 005 |
20220605152512.0 |
| 007 |
tu |
| 008 |
111121s2011 xx ||||| 00| ||fre c |
| 020 |
|
|
|a 9782353711147
|9 978-2-35371-114-7
|
| 035 |
|
|
|a (DE-627)1613975716
|
| 035 |
|
|
|a (DE-576)353384445
|
| 035 |
|
|
|a (DE-599)BSZ353384445
|
| 040 |
|
|
|a DE-627
|b ger
|c DE-627
|e rakwb
|
| 041 |
|
|
|a fre
|
| 100 |
1 |
|
|a Bessoles, Philippe
|0 (DE-588)138454779
|0 (DE-627)602593638
|0 (DE-576)180642715
|4 aut
|
| 109 |
|
|
|a Bessoles, Philippe
|
| 245 |
1 |
3 |
|a Le viol au féminin
|b trauma sexuel et figures de l'emprise
|c Philippe Bessoles
|
| 264 |
|
1 |
|a Nimes
|b Champ Social Éd.
|c 2011
|
| 300 |
|
|
|a 276 S.
|b Ill.
|
| 336 |
|
|
|a Text
|b txt
|2 rdacontent
|
| 337 |
|
|
|a ohne Hilfsmittel zu benutzen
|b n
|2 rdamedia
|
| 338 |
|
|
|a Band
|b nc
|2 rdacarrier
|
| 490 |
0 |
|
|a Collection victimologie & criminologie
|
| 856 |
4 |
2 |
|u https://swbplus.bsz-bw.de/bsz353384445inh.htm
|m B:DE-576;DE-Frei85
|q application/pdf
|v 20120109103234
|x Verlag
|3 Inhaltsverzeichnis
|7 1
|
| 935 |
|
|
|a mkri
|
| 951 |
|
|
|a BO
|
| ELC |
|
|
|b 1
|
| LOK |
|
|
|0 000 xxxxxcx a22 zn 4500
|
| LOK |
|
|
|0 001 3179841370
|
| LOK |
|
|
|0 003 DE-627
|
| LOK |
|
|
|0 004 1613975716
|
| LOK |
|
|
|0 005 20111223102238
|
| LOK |
|
|
|0 008 111121||||||||||||||||ger|||||||
|
| LOK |
|
|
|0 040
|a DE-Frei85
|c DE-627
|d DE-Frei85
|
| LOK |
|
|
|0 852
|a DE-Frei85
|
| LOK |
|
|
|0 852 1
|m p
|9 00
|
| LOK |
|
|
|0 938
|k p
|
| LOK |
|
|
|0 939
|a 21-11-11
|b l01
|
| LOK |
|
|
|0 000 xxxxxcx a22 zn 4500
|
| LOK |
|
|
|0 001 3179841389
|
| LOK |
|
|
|0 003 DE-627
|
| LOK |
|
|
|0 004 1613975716
|
| LOK |
|
|
|0 005 20111223102238
|
| LOK |
|
|
|0 008 111223||||||||||||||||ger|||||||
|
| LOK |
|
|
|0 040
|a DE-Frei85
|c DE-627
|d DE-Frei85
|
| LOK |
|
|
|0 852
|a DE-Frei85
|
| LOK |
|
|
|0 852 1
|m p
|9 00
|
| LOK |
|
|
|0 938
|k p
|
| LOK |
|
|
|0 939
|a 23-12-11
|b l01
|
| ORI |
|
|
|a SA-MARC-krimdoka001.raw
|